000 00415nam a2200169Ia 4500
005 20250423100051.0
008 250422s9999 xx 000 0 und d
020 _a9781298081
050 _aHF 5657.4 .O43/
100 _aOla, C. S.
245 0 _aManagement accounting : theory and application
260 _aIbadan
260 _bHeinemann Educational Books
260 _c2003
300 _a354 p
942 _cBK
999 _c32185
_d32185